000 00490nam a2200181Ia 4500
003 GCL
008 140319s9999 xx 000 0 eng d
040 _aGCL /
_cGCL
082 0 4 _a823
_bM G
100 1 _aMITCHELL, MARGARET
245 1 0 _aGONE WITH THE WIND /
_cMITCHELL, MARGARET
260 _aانجلترا :
_bMAGMILLAN AND CO. LIMITED ،
_c1945
300 _a20 CM ؛
_c795 P
650 0 4 _aENGLISH LITERATURE
650 0 4 _aLITERATURE
650 0 4 _aENGLISH FICTION
942 _2ddc
_cBK
999 _c5479
_d5479